| 000 | 00795nam a22002297a 4500 | ||
|---|---|---|---|
| 999 |
_c7701 _d7701 |
||
| 003 | AR-CdUCM | ||
| 008 | 190321b ||||| |||| 00| 0 spa d | ||
| 040 |
_aMUNICIPALIDAD PROVINCIAL DEL CUSCO _cBIBLIOTECA MUNICIPAL DEL CUSCO |
||
| 041 | _heng | ||
| 082 |
_a551 / _bM26 |
||
| 100 |
_aMarshack, Alexander _921750 |
||
| 245 | _aEl mundo en el espacio / | ||
| 260 |
_aBuenos Aires : _bÁgora, _c1959. |
||
| 300 |
_a220 páginas ; _bIlustraciones, _c20 cm. |
||
| 440 |
_aHombres y problemas _921751 |
||
| 500 | _aTitulo original: The world in space. | ||
| 505 | _aEl año de la tierra -- El principio -- Los mares de agua -- Hielo -- El océano del aire -- El mar de magnetismo ... | ||
| 650 |
_aGeofísica _919201 |
||
| 700 |
_aMarino, Mario A. _921752 |
||
| 942 |
_2ddc _cLIBROS |
||
| 945 | _aacv | ||